000 00927nam a22003017a 4500
001 BR8403195
003 BR-BrBNA
005 20230928091936.0
007 ta
008 230509b bl.||||| |||| 00| 0 por d
040 _aBR-BrBNA
_bpor
_cBiblioteca Nacional de Agricultura
041 _a(Por)
072 _aP05; K50
_b/G514
090 _ P05 BR8403195
100 1 _aLopez, B.A.D.
110 1 _aAssociacao Brasileira de Carvao Vegetal, Belo Horizonte, MG
111 1 _aLenha e Carvao Vegetal Energeticos Renovaveis
_cSalvador, BA (Brazil)
_d15-17 Aug 1984
245 1 _aUtilizacao em geracao de vapor [recurso energetico, carvao vegetal, Bahia, Brasil]
260 3 _aSalvador, BA (Brasil):
_c1984.
300 _a12 p.
500 _a3 illus.
650 _aCARVAO VEGETAL
650 _aGASEIFICACAO
650 _aEQUIPAMENTO INDUSTRIAL
650 _aBAHIA
909 _a202309
_bLucia
_c55
_dLucia Elande
942 _cBK
999 _c36315
_d36315